| 000 | 00454nam a2200169 4500 | ||
|---|---|---|---|
| 001 | 132256 | ||
| 003 | ES-MaACL | ||
| 005 | 20230906194134.0 | ||
| 007 | t| | ||
| 008 | 070214s1976 sp r ||||1| spa d | ||
| 100 | 1 |
_aRomero, Emilio. _999320 |
|
| 245 | 1 | 0 |
_aPrólogo para un Rey / _cEmilio Romero. |
| 250 | _a1ª ed. | ||
| 260 |
_aBarcelona : _bPlaneta, _c1976. |
||
| 300 |
_a358 p., 1 lám. : _bil. ; _c18 cm. |
||
| 852 |
_aES-MaACL _jA-5781 _bR.94656 |
||
| 999 |
_c132256 _d132256 |
||